|
|
|
|
| LEADER |
00000n m0a2200000 4500 |
| 001 |
265790 |
| 005 |
20231101233941.0 |
| 010 |
|
|
|a 9785370030369
|
| 010 |
|
|
|a 978-5-7139-1082-2
|
| 035 |
|
|
|a (RuTPU)RU\TPU\book\288792
|
| 090 |
|
|
|a 265790
|
| 100 |
|
|
|a 20140630d2014 m y0rusy50 ca
|
| 101 |
0 |
|
|a rus
|
| 102 |
|
|
|a RU
|
| 105 |
|
|
|a y j 001zy
|
| 200 |
1 |
|
|a Психология
|e учебник
|f Е. А. Петрова, С. В. Шмелёва, А. В. Голенков
|g Российский государственный социальный университет ; под ред. Е. А. Петровой
|
| 210 |
|
|
|a Москва
|c Омега-Л
|d 2013
|c Изд-во РГСУ
|
| 215 |
|
|
|a 351 с.
|
| 225 |
1 |
|
|a Социальное образование XXI века
|
| 320 |
|
|
|a Библиогр.: с. 326-330.
|
| 320 |
|
|
|a Глоссарий: с. 331-341.
|
| 330 |
|
|
|a Центральная линия данного учебника - системное представление основ психологического знания для будущего социального работника; собран материал по концептуальным разделам программы подготовки бакалавров.Учебник соответствует требованиям ФГОС ВПО третьего поколения по направлению подготовки 040400.62 - «Социальная работа» (бакалавр).Рекомендуется для студентов и преподавателей вузов, а также для практиков, работающих в социальной сфере.
|
| 606 |
1 |
|
|a Психология общая
|2 stltpush
|3 (RuTPU)RU\TPU\subj\53137
|9 71487
|
| 610 |
1 |
|
|a психика
|
| 610 |
1 |
|
|a человек
|
| 610 |
1 |
|
|a сознание
|
| 610 |
1 |
|
|a психические процессы
|
| 610 |
1 |
|
|a психологические характеристики
|
| 610 |
1 |
|
|a трудные жизненные ситуации
|
| 610 |
1 |
|
|a детство
|
| 610 |
1 |
|
|a отрочество
|
| 610 |
1 |
|
|a юность
|
| 610 |
1 |
|
|a подростки
|
| 610 |
1 |
|
|a индивидуальность
|
| 610 |
1 |
|
|a познавательные процессы
|
| 610 |
1 |
|
|a эмоциональные состояния
|
| 610 |
1 |
|
|a психическое состояние
|
| 610 |
1 |
|
|a старость
|
| 610 |
1 |
|
|a зрелость
|
| 610 |
1 |
|
|a личность
|
| 610 |
1 |
|
|a общение
|
| 610 |
1 |
|
|a межличностные отношения
|
| 610 |
1 |
|
|a психологическая помощь
|
| 610 |
1 |
|
|a социальные службы
|
| 610 |
1 |
|
|a учебные пособия
|
| 686 |
|
|
|a Ю93я73
|v LBC/SL-A
|2 rubbk
|
| 700 |
|
1 |
|a Петрова
|b Е. А.
|g Елена Алексеевна
|
| 701 |
|
1 |
|a Шмелёва
|b С. В.
|g Светлана Васильевна
|
| 701 |
|
1 |
|a Голенков
|b А. В.
|g Андрей Васильевич
|
| 702 |
|
1 |
|a Петрова
|b Е. А.
|g Елена Алексеевна
|4 340
|
| 712 |
0 |
2 |
|a Российский государственный социальный университет
|2 stltpush
|3 (RuTPU)RU\TPU\col\7804
|
| 801 |
|
1 |
|a RU
|b 63413507
|c 20140630
|
| 801 |
|
2 |
|a RU
|b 63413507
|c 20150617
|g RCR
|
| 900 |
|
|
|a Психология
|
| 942 |
|
|
|c BK
|
| 951 |
|
|
|b 040400
|l 8.1
|
| 959 |
|
|
|a 111/20140630
|d 2
|e 294,00
|f ЧЗГЛ:1
|f АНЛ:1
|